The fleas who fight crime : (Record no. 9012)
[ view plain ]
| 000 -LEADER | |
|---|---|
| fixed length control field | 01070nam a22002777a 4500 |
| 001 - CONTROL NUMBER | |
| control field | 9012 |
| 003 - CONTROL NUMBER IDENTIFIER | |
| control field | FISKH |
| 005 - DATE AND TIME OF LATEST TRANSACTION | |
| control field | 20260312095109.0 |
| 008 - FIXED-LENGTH DATA ELEMENTS--GENERAL INFORMATION | |
| fixed length control field | 251114b cb ||||| |||| 00| 0 eng d |
| 020 ## - INTERNATIONAL STANDARD BOOK NUMBER | |
| International Standard Book Number | 9781407142944 |
| 040 ## - CATALOGING SOURCE | |
| Original cataloging agency | FISKH |
| Language of cataloging | eng |
| Transcribing agency | FISKH |
| Modifying agency | FISKH |
| 050 ## - LIBRARY OF CONGRESS CALL NUMBER | |
| Classification number | PZ7 |
| 082 ## - DEWEY DECIMAL CLASSIFICATION NUMBER | |
| Classification number | 823.92 |
| 100 ## - MAIN ENTRY--PERSONAL NAME | |
| Personal name | Zucker, Jonny |
| Relator term | Author |
| 245 ## - TITLE STATEMENT | |
| Title | The fleas who fight crime : |
| Remainder of title | Little red Robin / |
| Statement of responsibility, etc. | Jonny Zucker ; Illustrated by Chris Jevons |
| 260 ## - PUBLICATION, DISTRIBUTION, ETC. | |
| Place of publication, distribution, etc. | London : |
| Name of publisher, distributor, etc. | Scholastic Children's Books , |
| Date of publication, distribution, etc. | 2014 |
| 300 ## - PHYSICAL DESCRIPTION | |
| Extent | 44 pages : |
| Other physical details | color illustrations ; |
| Dimensions | 19 cm |
| 505 ## - FORMATTED CONTENTS NOTE | |
| Formatted contents note | P<br/> |
| 520 ## - SUMMARY, ETC. | |
| Summary, etc. | Get ready to read! LITTLE RED ROBINS are ideal for sharing and reading together. Full colour illustrations throughout. Buzz and Itch are fleas. They both want to be insect detectives and catch insect criminals. So when they team up, the baddies of Larva Town had better watch out!<br/> |
| 521 8# - TARGET AUDIENCE NOTE | |
| Target audience note | 630<br/> |
| Source | Lexile<br/> |
| 521 8# - TARGET AUDIENCE NOTE | |
| Target audience note | P<br/> |
| Source | Raz-Plus<br/> |
| 650 ## - SUBJECT ADDED ENTRY--TOPICAL TERM | |
| Topical term or geographic name entry element | Insect criminals |
| Form subdivision | Detective |
| 700 ## - ADDED ENTRY--PERSONAL NAME | |
| Personal name | Jevons, Chris |
| Relator term | Illustrator |
| 942 ## - ADDED ENTRY ELEMENTS (KOHA) | |
| Source of classification or shelving scheme | Dewey Decimal Classification |
| Koha item type | Books |
| Suppress in OPAC | No |
| Withdrawn status | Lost status | Source of classification or shelving scheme | Damaged status | Not for loan | Home library | Current library | Shelving location | Date acquired | Total Checkouts | Full call number | Barcode | Date last seen | Copy number | Price effective from | Koha item type |
|---|---|---|---|---|---|---|---|---|---|---|---|---|---|---|---|
| Dewey Decimal Classification | Footprints International School Library Network Toul Tom Poung Campus | Footprints International School Library Network Toul Tom Poung Campus | TTP Primary Yellow Bookshelves | 11/14/2025 | ZUC 823.92 PZ7 | FISBK00829 | 11/14/2025 | 1 | 11/14/2025 | Books | |||||
| Dewey Decimal Classification | Footprints International School Library Network Toul Tom Poung Campus | Footprints International School Library Network Toul Tom Poung Campus | TTP Primary Yellow Bookshelves | 03/12/2026 | ZUC 823.92 PZ7 | FISBK02694 | 03/12/2026 | 2 | 03/12/2026 | Books |
